Arithmetic Challenge Chain #3 - Statistics

General Stats
  • This quiz has been taken 515 times
  • The average score is 8 of 10
Answer Stats
Operation Number % Correct
Divide by ⅓ 81
100%
Multiply by 5 405
92%
Subtract 5 400
91%
Square root it 20
87%
Add 5 25
85%
Square root it 5
82%
Multiply by 7 35
81%
Divide 5 7
79%
Add 16 23
73%
Triple it 69
60%
No matching quizzes found
Score Distribution
Percent of People with Each Score
Percentile by Number Answered
Your Score History
You have not taken this quiz